000 00708nam a22002537a 4500
001 25499
005 20260428170601.0
008 260427b |||||||| |||| 00| 0 spa d
020 _a9786123113193
041 _aESP
082 _a344
_bR47D
100 _aReyna Alfaro, Luis
_eAUT
245 _aDerecho penal parte general :
_btemas claves
250 _aPrimera edición
260 _aLima :
_bGaceta Jurídica,
_c2016
300 _a335 páginas :
_b ;
_c25 cm.
440 _a ;
650 _aDER
653 _aDerecho penal, Perú
654 _aCDE
700 _a;
856 _uhttps://itmsp.museknowledge.com/UCSP?groupID=2
_zVéase además: Biblioteca digital
942 _cLIB
_dJUS
_fMIP
_n0
_2ddc
999 _c25499
_d25499